Průvod s pochodněmi : Román z doby obrození / Frank Tetauer ; Il. Josef Liesler
Historický román, zachycující zrod sokolské myšlenky a její uskutečňování v šedesátých letech minulého století. Autor, významný dramatik třicátých a čtyřicátých let, o této myšlence říká: "Snažil jsme se ukázat, jak tatomyšlenka, jejímž předbojovníkem a tvůrcem byl Tyrš a rozhodujícím spoluuskutečňovatelem Fügner, ústrojně vznikla v evropském kvasu let šedesátých, jak od počátku vedle složky národní hrála tu čím dál významnější roli složkasociální, podmíněná bytostným demokratismem obou sokolských iniciátorů." O koncepci románu autor říká: "Vyrostl ze čtyř dějových pásem, z nichž dvě jsou revoluční, sokolské a anarchistické, a dvě konzervativní, německé a pražskymaloměšťácké." Nejrozsáhlejší dílo autorovo nezapírající dramatika.
Record details
- Physical Description: 364, [3] s. : [12] barev. obr. příl. ; 8°
- Edition: 1. vyd.
- Publisher: České Budějovice : Růže, 1968
Content descriptions
| General Note: | Barev. předsádky, obálka a vazba: ilustrátor 15000 výt. |
Available copies
- 1 of 1 copy available at Common Catalog SPOK.
Holds
- 0 current holds with 1 total copy.
Show All Copies
| Location | Call Number / Copy Notes | Barcode | Shelving Location | Status | Due Date |
|---|---|---|---|---|---|
| KDS Library | 810 TeF | 204576801355 | Library | Available | - |
| LDR | 01672nam a22002531 4500 | ||
|---|---|---|---|
| 001 | 21014 | ||
| 003 | CZ-PrJAB | ||
| 005 | 20150713063905.0 | ||
| 008 | 970911s1968 xr cze | ||
| 015 | . | ‡acnb000159721 | |
| 035 | . | ‡a(CZ PrNK)bk196804236 | |
| 035 | . | ‡a(OCoLC)7158131 | |
| 040 | . | ‡aABA001 ‡bcze ‡cPNA001 ‡dABA001 | |
| 080 | . | ‡a885-311.6:943.7"19"+796(437 Sokol) ‡2undef | |
| 100 | 1 | . | ‡aTetauer, Frank, ‡d1903-1954 ‡7jk01132305 ‡4aut |
| 245 | 1 | 0. | ‡aPrůvod s pochodněmi : ‡bRomán z doby obrození / ‡cFrank Tetauer ; Il. Josef Liesler |
| 250 | . | ‡a1. vyd. | |
| 260 | . | ‡aČeské Budějovice : ‡bRůže, ‡c1968 ‡e(Vimperk : ‡fStráž) | |
| 300 | . | ‡a364, [3] s. : ‡b[12] barev. obr. příl. ; ‡c8° | |
| 500 | . | ‡aBarev. předsádky, obálka a vazba: ilustrátor | |
| 500 | . | ‡a15000 výt. | |
| 520 | . | ‡aHistorický román, zachycující zrod sokolské myšlenky a její uskutečňování v šedesátých letech minulého století. Autor, významný dramatik třicátých a čtyřicátých let, o této myšlence říká: "Snažil jsme se ukázat, jak tatomyšlenka, jejímž předbojovníkem a tvůrcem byl Tyrš a rozhodujícím spoluuskutečňovatelem Fügner, ústrojně vznikla v evropském kvasu let šedesátých, jak od počátku vedle složky národní hrála tu čím dál významnější roli složkasociální, podmíněná bytostným demokratismem obou sokolských iniciátorů." O koncepci románu autor říká: "Vyrostl ze čtyř dějových pásem, z nichž dvě jsou revoluční, sokolské a anarchistické, a dvě konzervativní, německé a pražskymaloměšťácké." Nejrozsáhlejší dílo autorovo nezapírající dramatika. | |
| 910 | . | ‡aABE463 | |
| 964 | . | ‡aSokol - romány | |
| 998 | . | ‡a000159721 | |
| 901 | . | ‡a21014 ‡b ‡c21014 ‡tbiblio | |